000 00278nam a22001337a 4500
020 _a0-419-23710-0
041 _aENG
100 _aPereira .S.L
245 _aWater And The Environment
260 _aDelhi
_bICID -CIID
_c1998
300 _a470
650 _aIDE
856 _uIDE
999 _c319
_d319